[Event "Madurai Athens of the East op-B 1st"]
[Site "Madurai"]
[Date "2019.08.11"]
[Round "6"]
[White "Phani, Kanuri"]
[Black "Ragesh, Sarma M"]
[Result "0-1"]
[WhiteElo "1471"]
[BlackElo "1583"]
[PlyCount "66"]
[EventDate "2019.08.10"]
[EventType "swiss"]
[EventRounds "10"]
[EventCountry "IND"]
[SourceTitle "EXT 2022"]
[Source "ChessBase"]
[SourceDate "2021.10.06"]
[SourceVersion "1"]
[SourceVersionDate "2021.10.06"]
[SourceQuality "1"]

1. e4 c5 2. Nf3 a6 3. g3 e6 4. d3 d6 5. Bg2 Be7 6. 0-0 Nf6 7. Nbd2 0-0 8. Re1 Nc6 9. c3 Qc7 10. Nf1 b5 11. h4 Bb7 12. Bg5 Rfe8 13. N1h2 Nd7 14. Bh3 Nb6 15. Bf4 Qd8 16. Qd2 d5 17. e5 d4 18. Rad1 Nd5 19. Ng5 Nxf4 20. Qxf4 Bxg5 21. hxg5 Qd5 22. Bg2 Qxa2 23. Rd2 dxc3 24. bxc3 Qa5 25. Rc1 Qc7 26. Ng4 Red8 27. Be4 Ne7 28. Bxb7 Qxb7 29. Nf6+ gxf6 30. gxf6 Nf5 31. g4 Kh8 32. gxf5 Rg8+ 33. Kf1 Qh1+ 0-1